000 02897nam a22003857a 4500
003 CHAP
005 20251126085109.0
008 060224d2005 mx r 00110 spa d
010 _a91755
011 _a92727
035 _a103292
040 _cCHAP
090 _aTesis
100 1 _aRamírez Romualdo, Rafaél.
245 1 0 _aAnálisis técnico y financiero del proyecto "engorda de ganado bovino en sistemas intensivos en el municipio de San Felipe del Progreso, Estado de México/
_cpor Rafaél Ramírez Romualdo; director Enrique de la Sancha Rodríguez.
264 1 _aChapingo, Méx. :
_bEl autor,
_c2005.
300 _a124 h.
502 _bLic. en Administración de Empresas Agropecuarias.
_c División de Ciencias Económico Administrativas,
_d2005.
520 _aEl sector de ganado bovino para carne en México tiene gran importancia, por su contribución en la oferta de productos cárnicos, por la generación de divisas, por la venta de ganado en pie y por su alto valor nutritivo. El inventario de ganado bovino y la demanda de carne de ganado bovino se han venido incrementando en los últimos años. El trabajo tiene el propósito de formular y evaluar un proyecto de inversión para demostrar que la engorda de ganado bovino bajo condiciones intensivas en el municipio de San Felipe del Progreso, estado de México, es rentable. Para realizar esta evaluación se llevó a cabo un estudio de la región donde se plantea implementar el proyecto, se realizó un análisis de mercado, un diagnóstico de mercado, se determinó las dimensiones del proyecto, se diseñó la ingeniería del proyecto, se elaboraron los costos e ingresos, y se llevó a cabo la evaluación financiera. De acuerdo al análisis y al diagnóstico de mercado, el proyecto tiene un gran mercado potencial por su ubicación y el tamaño e ingeniería del proyecto señalan que es factible. Los indicadores de rentabilidad obtenidos de la evaluación financiera son; VAN=2,252,757.07, TIR=29%, R B/C=1.16 y R N/K=1.68. Lo anterior permite concluir que el proyecto tiene viabilidad técnica y financiera por lo que se recomienda su implementación en el municipio de San Felipe del Progreso, estado de México.
590 _aALEPH
_b10
_c20130110
590 _aBATCH-UPD
_b10
_c20130110
590 _aBATCH-UPD
_b10
_c20130410
590 _aBATCH-UPD
_b10
_c20130914
590 _aCONVERSION
_b10
_c20130109
650 1 4 _aGanado vacuno
_xEngorda.
650 1 4 _aGanado vacuno
_xMéxico (Edo.)
650 1 4 _aProyectos
_xEvaluación.
700 1 _aSancha Rodríguez, Enrique de la
_edirector.
856 4 2 _uhttp://10.13.5.2/tesis/103292.pdf
_yDESCARGAR PDF
901 _aBK
905 _aLilia
942 _cTesis
_2Clasificación Universida Autónoma Chapingo
949 _aTesis
_bBC
_cTES
_d33724000979282
_eTS2
_fc.2
_h44724
_i103292
_si
949 _aTesis
_bBC
_cTES
_d33724000979340
_eTS1
_h44723
_i103292
_sb
999 _c91755
_d91755